000 00673nam a2200181Ia 4500
005 20250923144652.0
008 008 250917s9999 xx 000 0 eng d
037 _aTextual
040 _aDSWL
_beng
_cDSWL
041 _aeng
_2eng
084 _aX:99c.251,e4,D'N58t4, N58
_qDSWL
100 _aRehani, L.R.
_9827194
245 2 _aA report based on an enquiry into the socio-economic conditions class IV employees Delhi University and its five consituent colleges
_cby L.R. Rehani
260 _aDelhi
_b Delhi School of Social Work
_c1959
300 _aii,126p.
942 _cTEXL
_hX:99c.251,e4,D'N58t4, N58
999 _c1441839
_d1441839